| 000 | 00567nam a2200169 i 4500 | ||
|---|---|---|---|
| 001 | 102575 | ||
| 003 | ES-MaACL | ||
| 005 | 20230906183133.0 | ||
| 007 | t| | ||
| 008 | 051117s1965 sp ||||1| spa d | ||
| 100 | 1 |
_aMerino Urrutia, José Juan Bautista. _980553 |
|
| 245 | 1 | 0 |
_aFray Martín Sarmiento de Ojacastro, O.F.M., misionero español del siglo XVI / _cJosé Juan Bautista Merino Urrutia. |
| 260 |
_aMadrid : _bCultura Hispánica, _c1965. |
||
| 300 |
_a120 p. ; _c17 cm. |
||
| 600 | 1 | 4 |
_aSarmiento de Ojacastro, Martin. _9157842 |
| 852 |
_aES-MaACL _jC-28339 |
||
| 999 |
_c102575 _d102575 |
||